[Od textu k prekladu - odborná komunikácia a translácia v zrkadle času]
Recenzia na publikáciu Od textu k prekladu XVII (1. časť), ktorá sa venuje problematike translácie a predstavuje čitateľovi translačný proces z rozličných uhlov pohľadu. Ponúka odbornej verejnosti cenné postrehy z oblasti prekladu a tlmočenia, či už v kontexte vybraných odborných jazykov, alebo refl...
Saved in:
| Main Author: | |
|---|---|
| Format: | Book Chapter |
| Language: | Slovak |
| Subjects: | |
| Tags: |
No Tags, Be the first to tag this record!
|
MARC
| LEADER | 00000naa a2200000 4500 | ||
|---|---|---|---|
| 001 | 0303344 | ||
| 005 | 20240802095451.1 | ||
| 041 | 0 | |a slo | |
| 044 | |a SK | ||
| 245 | 1 | 0 | |a [Od textu k prekladu - odborná komunikácia a translácia v zrkadle času] |c Zuzana Gašová |
| 520 | |a Recenzia na publikáciu Od textu k prekladu XVII (1. časť), ktorá sa venuje problematike translácie a predstavuje čitateľovi translačný proces z rozličných uhlov pohľadu. Ponúka odbornej verejnosti cenné postrehy z oblasti prekladu a tlmočenia, či už v kontexte vybraných odborných jazykov, alebo reflektujúc súčasnú spoločensko-politickú situáciu a moderné trendy v edukácii. | ||
| 610 | 2 | 0 | |a preklady |
| 610 | 2 | 0 | |a tlmočníctvo |
| 610 | 2 | 0 | |a jazyky cudzie |
| 610 | 2 | 0 | |a filológia |
| 610 | 2 | 0 | |a vzdelávanie |
| 610 | 2 | 0 | |a komunikácia |
| 100 | 1 | |a Gašová, Zuzana, 1977- | |